000 00554nam a22001937a 4500
003 OSt
005 20251119171133.0
008 251119b |||||||| |||| 00| 0 eng d
020 _a81-261-2849-6.
040 _aDWCL-Main lib.
_cOC
082 _aCirc. 338 In42 2006
100 _aSharma, A.K.
245 _aIndustrial economics/
_cA.K. Sharma
260 _aNew Delhi :
_bAnmol Publications Pvt. Ltd.,
_cc2006.
300 _a420 p. ;
_b 21 cm.
650 _a1. Industrial policy.
650 _a2. Industries.
942 _2ddc
_cBK-CIRC
_hCirc.
_n0
999 _c5832
_d5832